| 000 | 00656nam a22002177a 4500 | ||
|---|---|---|---|
| 003 | UA-OsUOA | ||
| 001 | 56039 | ||
| 007 | ta | ||
| 008 | 20080929b un ||||| |||| 00| 0 ukr d | ||
| 100 | _aПопов В.Ю. | ||
| 090 |
_a330 _bП58 |
||
| 942 | _cSA | ||
| 040 |
_aUA-OsUOA _bukr _cUA-OsUOA _dUA-OsUOA |
||
| 245 | _aМетодологічні засади оцінки конкурентної складової національного ринку | ||
| 300 | _aС.50-59 | ||
| 955 | _a0 | ||
| 041 | _aukr | ||
| 080 | _a330 | ||
| 773 | 0 |
_w56033 _tСтатистика України _dК. _d2008 _g2 |
|
| 650 | 7 |
_a330 Економіка взагалі _2UDC |
|
| 999 |
_c342338 _d342338 |
||